• AIU
  • Tony Wilmot Memorial Library

The complete FreeBSD : (Record no. 58720)

MARC details
000 -LEADER
fixed length control field 01303cam a2200361 a 4500
001 - CONTROL NUMBER
control field 13400370
003 - CONTROL NUMBER IDENTIFIER
control field OSt
005 - DATE AND TIME OF LATEST TRANSACTION
control field 20140224105647.0
008 - FIXED-LENGTH DATA ELEMENTS--GENERAL INFORMATION
fixed length control field 031110s2003 cc a 001 0 eng
010 ## - LIBRARY OF CONGRESS CONTROL NUMBER
LC control number 2003278281
015 ## - NATIONAL BIBLIOGRAPHY NUMBER
National bibliography number GBA3-Y6753
020 ## - INTERNATIONAL STANDARD BOOK NUMBER
International Standard Book Number 0596005164 (pbk.)
035 ## - SYSTEM CONTROL NUMBER
System control number (OCoLC)ocm51780648
040 ## - CATALOGING SOURCE
Original cataloging agency UKM
Transcribing agency UKM
Modifying agency CUS
-- DLC
042 ## - AUTHENTICATION CODE
Authentication code lccopycat
050 00 - LIBRARY OF CONGRESS CALL NUMBER
Classification number QA76.76.O63
Item number L44 2003
082 00 - DEWEY DECIMAL CLASSIFICATION NUMBER
Classification number 005.4/4682
Edition number 22
100 1# - MAIN ENTRY--PERSONAL NAME
Personal name Lehey, Greg.
9 (RLIN) 25525
245 14 - TITLE STATEMENT
Title The complete FreeBSD :
Remainder of title documentation from the source /
Statement of responsibility, etc Greg Lehey.
246 30 - VARYING FORM OF TITLE
Title proper/short title FreeBSD
250 ## - EDITION STATEMENT
Edition statement 4th ed.
260 ## - PUBLICATION, DISTRIBUTION, ETC. (IMPRINT)
Place of publication, distribution, etc Beijing ;
-- Sebastopol, CA :
Name of publisher, distributor, etc O'Reilly/Community Press,
Date of publication, distribution, etc c2003.
300 ## - PHYSICAL DESCRIPTION
Extent xxxiii, 679 p. :
Other physical details ill. ;
Dimensions 24 cm.
500 ## - GENERAL NOTE
General note "Covers version 5.0"--Cover.
504 ## - BIBLIOGRAPHY, ETC. NOTE
Bibliography, etc Includes bibliographical references (p. 627-632) and index.
630 00 - SUBJECT ADDED ENTRY--UNIFORM TITLE
Uniform title FreeBSD.
9 (RLIN) 25526
650 #0 - SUBJECT ADDED ENTRY--TOPICAL TERM
Topical term or geographic name as entry element Free computer software.
9 (RLIN) 25527
650 #0 - SUBJECT ADDED ENTRY--TOPICAL TERM
Topical term or geographic name as entry element Operating systems (Computers)
9 (RLIN) 25528
856 42 - ELECTRONIC LOCATION AND ACCESS
Materials specified Publisher description
Uniform Resource Identifier <a href="http://www.loc.gov/catdir/enhancements/fy0715/2003278281-d.html">http://www.loc.gov/catdir/enhancements/fy0715/2003278281-d.html</a>
906 ## - LOCAL DATA ELEMENT F, LDF (RLIN)
a 7
b cbc
c copycat
d 2
e ncip
f 20
g y-gencatlg
942 ## - ADDED ENTRY ELEMENTS (KOHA)
Source of classification or shelving scheme Library of Congress Classification
Koha item type Books
Holdings
Withdrawn status Lost status Source of classification or shelving scheme Damaged status Not for loan Collection code Home library Current library Shelving location Date acquired Source of acquisition Cost, normal purchase price Total Checkouts Full call number Barcode Date last seen Copy number Price effective from Koha item type
    Library of Congress Classification     General Circulation AIU/NEGST - Tony Wilmot Memorial Library AIU/NEGST - Tony Wilmot Memorial Library General Stacks 02/24/2014 Donation - Mesfin Teshome 43.00   QA 76.76.O63 L44 2003 R28607K3232 09/26/2019 1 02/24/2014 Books